000 00243nam a2200097Ia 4500
005 20251222114401.0
008 251222s1900||||xx |||||||||||||| ||spa||
082 _aDVD0070/F75/2005
245 0 _aLas uvas de la ira:The grapes of wrath
942 _cDVD
999 _c1652
_d1652